Sports Quiz

Random Sports or Football Quiz

Let's Draw the NFL's Logo Quiz Stats

 Plays Quiz Updated Feb 5, 2018

Also try: NFL Logos
Challenge
Share
Tweet
Score 0/25 Timer 06:00
0 Plays Today
% Correct
6
87.5%
National Football League
86.8%
6
86.2%
32
86.1%
Atlanta Falcons, Green Bay Packers, New York Jets, Minnesota Vikings
85.6%
5
83.7%
Philadelphia Eagles
83.1%
Helmets
82.9%
New England Patriots, Buffalo Bills, Denver Broncos, Minnesota Vikings
82.1%
Los Angeles
81.7%
The Who, The Black Eyed Peas, Usher, Slash, Madonna, Beyoncé, Destiny's Child, Bruno Mars, Red Hot Chili Peppers, Katy Perry, Lenny Kravitz, Missy Elliott, Coldplay, Bruno Mars, Lady Gaga
81.5%
Pittsburgh Steelers
79.1%
Vince Lombardi Trophy, Ed Thorp Memorial Trophy, and Brunswick-Balke Collender Cup
77.8%
% Correct
Peyton Manning
74.7%
Canton, Ohio
72.8%
Green Bay Packers
71.9%
Miami Dolphins
70.6%
New England Patriots, Atlanta Falcons, Seattle Seahawks
65.6%
Vince Lombardi
65.4%
Emmitt Smith
59.1%
1920
46.9%
Oakland Raiders
44.4%
Chicago Bears
37.8%
Glasses
24.1%
Ken Stabler
20.6%

You're not logged in!

Compare scores with friends on all Sporcle quizzes.
Join for Free
OR
Log In

You Might Also Like...

Show Comments

Extras

Top Quizzes Today


Score Distribution

Your Account Isn't Verified!

In order to create a playlist on Sporcle, you need to verify the email address you used during registration. Go to your Sporcle Settings to finish the process.

Report this User

Report this user for behavior that violates our Community Guidelines.

Details: